000 00949nam a2200253Ia 4500
003 OSt
005 20220923222254.0
006 a|||||r|||| 00| 0
007 ta
008 220922b |||||||| |||| 00| 0 mar d
024 _a204,166
037 _cTextual
040 _aARTS
_cARTS
_bmar
041 _2mar
_amar
082 _aO155v, 152J7;K0
100 _aमाचवे, प्रभाकर; क्षेमचंद्, सुमन, संपा.
_9166536
245 0 _aमराठी और उसका साहित्य
246 _aMarāṭhī aur usakā sāhitya
260 _aदिल्ली
_b सरस्वती सहकार प्र0
_c1960
300 _a133पृ0
_ccm.
650 _aमराठी साहित्य
942 _hO155v, 152J7;K0
_cTEXL
_2CC
999 _c354915
_d354915